Entry Konu Terimi
001 - KONTROL NUMARASI
- Kontrol alanı: 86771
003 - KONTROL NUMARASI KİMLİĞİ
- Kontrol alanı: TR-BiSEU
005 - SON İŞLEM TARİHİ VE ZAMANI
- Kontrol alanı: 20260207003540.0
008 - SABİT UZUNLUKTAKİ VERİ ÖGELERİ - GENEL BİLGİ
- Sabit uzunlukta kontrol alanı: 260207|| aca||aabn | a|a d
040 ## - KATALOGLAMA KAYNAĞI
- Özgün kataloglama kurumu: TR-BiSEU
- Çeviri kurumu: TR-BiSEU
150 ## - KONU BAŞLIKLARI - KONU TERİMİ
- Konu terimi: Tasavvuf--Türkiye--Kongreler
670 ## - BİLGİNİN KAYNAĞI
- Bilginin alındığı kaynak: KOHA: (TR-BiSEU)47082: Uluslararası Ahmed Ziyaüddin Gümüşhanevi sempozyumu (1.: Gümüşhane: 2013) 86770, I. Uluslararası Ahmed Ziyaüddin Gümüşhanevi sempozyumu 03-05 ekim 2013 bildiriler kitabı/
